| 000 | 01762nam a2200229Ia 4500 | ||
|---|---|---|---|
| 003 | Ost | ||
| 005 | 20260507075411.0 | ||
| 008 | 260507s9999||||xx |||||||||||||| ||und|| | ||
| 040 | _cfsecg | ||
| 041 | _aara | ||
| 082 | _a330 | ||
| 100 |
_aيوسف، أمير فرج _eمؤلف |
||
| 245 | 0 |
_aعالمية التجارة الإلكترونية وعقودها وأساليب مكافحة الغش التجاري الإلكتروني / _c أمير فرج يوسف |
|
| 260 |
_aالإسكندرية: _bالمكتب الجامعي الحديث, _c2009 |
||
| 300 |
_a579 صفحة؛ _bإيضاحات ؛ _c25 سم |
||
| 504 | _aالمراجع ص.578 | ||
| 520 | _aيضم وسائل ونظم الدفع والسداد للتجارة الإلكترونية، اثبات العقود وحماية المستهلك، التشريعات الدولية المنظمة للتجارة الإلكترونية، الأعمال الدولية والإقليمية بشأن تسوية المنازعات الإلكترونية، العقود النموذجية الإلكترونية، تسوية المنازعات، التحكيم، اللجوء الى التوقيع الإلكتروني لمواجهة المشاكل الفنية المتعلقة بتحديد شخصية المتعاقدين، التجارة الإلكترونية والجرائم الإلكترونية، الغش التجاري في المجتمع الإلكتروني في عصر الحوسبة والمعلومات فائقة السرعة، ملحق التشريعات العربية والدولية لقوانين التجارة الإلكترونية | ||
| 653 | _aالتجارة | ||
| 653 | _aالتجارة الإلكترونية | ||
| 653 | _aالغش والتدليس | ||
| 942 | _cكتاب | ||
| 999 |
_c44396 _d44396 |
||